000 00537nab#a2200193#c#4500
999 _c87975
_d87975
003 IEF
005 20191204125741.0
008 950704s1976 uuu|| #####0 b| |u
040 _aIEF
_cES-MaIEF
100 1 _aFlores de Lemus, Antonio
_916049
245 _aEl problema de la circulación del capital en Marx
_c Antonio Flores de Lemus
260 _c1976
650 4 _aCAPITAL
_933516
650 4 _aMARXISMO
_947691
773 0 _tHacienda pública española
_w34570
_g42-43, p. 465-471
942 _2udc
942 _2udc